Gender, school and society / (Record no. 27408)
[ view plain ]
| 000 -LEADER | |
|---|---|
| fixed length control field | 00958nam a22001577a 4500 |
| 020 ## - INTERNATIONAL STANDARD BOOK NUMBER | |
| ISBN | 9789386213419 |
| 082 ## - DEWEY DECIMAL CLASSIFICATION NUMBER | |
| Item number | BHA- |
| Classification number | 305.42 |
| 100 ## - MAIN ENTRY--AUTHOR NAME | |
| Personal name | Bhargava, Mahesh |
| 100 ## - MAIN ENTRY--AUTHOR NAME | |
| Personal name | Pandey, Ranjana |
| 245 ## - TITLE STATEMENT | |
| Title | Gender, school and society / |
| Statement of responsibility, etc | Mahesh Bhargava, Ranjana Pandey |
| 260 ## - PUBLICATION, DISTRIBUTION, ETC. (IMPRINT) | |
| Place of publication | Agra |
| Name of publisher | Rakhi Prakashan Pvt. Ltd. |
| Year of publication | 2017 |
| 300 ## - PHYSICAL DESCRIPTION | |
| Number of Pages | xvi, 270p. |
| 520 ## - SUMMARY, ETC. | |
| Summary, etc | This book provides a broad and thorough introduction of gender issues in India. It is intended primarily as a core text for use in courses in universities, colleges and tertiary-level educational institutions. It presents a systematic description of the gender issues and other aspects, which will serve as a foundation for students or anyone setting out on a career as a teacher or educator. For the purposes of this book, the gender discrimination encompasses all aspects of gender issues, from the gender inequality to violence. |
| 650 ## - SUBJECT ADDED ENTRY--TOPICAL TERM | |
| Topical Term | Education |
| General subdivision | Gender issues |
| Geographic subdivision | India |
| 942 ## - ADDED ENTRY ELEMENTS (KOHA) | |
| Source of classification or shelving scheme | Dewey Decimal Classification |
| Koha item type | Books |
| Withdrawn status | Lost status | Damaged status | Not for loan | Home library | Current library | Date acquired | Source of acquisition | Cost, normal purchase price | Full call number | Accession Number | Price effective from | Koha item type |
|---|---|---|---|---|---|---|---|---|---|---|---|---|
| NASSDOC Library | NASSDOC Library | 14/02/2022 | GRATIS | 0.00 | 305.42 BHA- | 52069 | 07/03/2022 | Books |
